Race to the Center Competition for the Nikkei 225 Futures Trade

Gespeichert in:
Bibliographische Detailangaben
1. Verfasser: Ito, Takatoshi
Weitere Verfasser: Lin, Wen-Ling
Format: Buch
Sprache:Englisch
Veröffentlicht: Washington International Monetary Fund 1996
Ausgabe:1. ed.
Schriftenreihe:IMF Working Paper 117
Schlagworte:
Tags: Tag hinzufügen
Keine Tags, Fügen Sie das erste Tag hinzu!

MARC

LEADER 00000nam a2200000 4500
001 c017509
005 20221205125557.4
041 0 |a eng 
044 |a US 
245 1 0 |a Race to the Center  |b Competition for the Nikkei 225 Futures Trade  |c Takatoshi Ito, Wen-Ling Lin 
250 |a 1. ed. 
264 1 |a Washington  |b International Monetary Fund  |c 1996 
300 |a 49 s. 
490 1 |a IMF Working Paper  |v 117 
830 0 |a IMF Working Paper  |v 117 
610 2 0 |a obchody termínové 
610 2 0 |a zmluvy 
610 2 0 |a burzy termínové 
610 2 0 |a burzy opčné 
610 2 0 |a papiere cenné 
610 2 0 |a marža úroková 
610 2 0 |a zisk 
610 2 0 |a trh finančný 
610 2 0 |a trh svetový 
610 2 0 |a Japonsko 
610 2 0 |a Singapur 
610 2 0 |a USA 
100 1 |a Ito, Takatoshi 
700 1 |a Lin, Wen-Ling